| 000 | 00530nam a2200181Ia 4500 | ||
|---|---|---|---|
| 003 | IN-BaIIA | ||
| 008 | 211028s9999 xx 000 0 eng d | ||
| 020 | _a978-81-89220-24-2 | ||
| 040 | _cIIA Library | ||
| 080 |
_a52(540) _bBAL |
||
| 100 |
_aBalachandra Rao, S _918001 |
||
| 245 | 0 |
_aIndian astronomy _ba primer _cS. Balachandra Rao |
|
| 260 |
_aBangalore _bBhavan's Gandhi Centre of Science and Human Values _c2008 |
||
| 300 | _av, 90p. | ||
| 650 |
_aAstronomy-India _934330 |
||
| 650 |
_aIndia-Astronomy _935179 |
||
| 942 | _cBK | ||
| 999 |
_c18357 _d18357 |
||